| 000 | 00382nam a2200133 a 4500 | ||
|---|---|---|---|
| 001 | 000037970 | ||
| 005 | 20201002031138.0 | ||
| 008 | 130311s19uu dr 000 0 spa d | ||
| 040 |
_aDO-SdBNP _bspa _cBNPHU |
||
| 110 | 1 |
_aRepública Dominicana _bAlianza País _964379 |
|
| 245 | 1 | 0 | _aNormas estaturarias. |
| 260 |
_aSanto Domingo : _bAlianza País, _c[20-?]. |
||
| 300 |
_a37 p. ; _c22 cm. |
||
| 999 |
_c37460 _d37460 |
||